01161 a2200241 4500003000500000005001700005010001600022020001500038040000900053082001700062100002200079245004000101250001200141260005300153300003500206505044200241650001400683650003800697650002700735942001300762999001900775952012500794Nust20221018125613.0 a 91025456 a0138559414 cNust00a620.0011,OGA1 aOgata, Katsuhiko.10aSystem dynamics /cKatsuhiko Ogata. a2nd ed. aEnglewood Cliffs, N.J. :bPrentice-Hall,cc1992. aviii, 712 p. :bill. ;c25 cm. aIntroduction (Page-1), Background Materials for System Analysis and Design (Page-7), Mechanical Systems (Page-77), Electrical Systems (Page-157), Electromechanical Systems (Page-214), Mathematical Medeling of Dynamic Systems in State Space (Page-286), Linear Systems Analysis in the time Domain (Page-379), Linear Systems Analysis in the Frequency Domain (Page-452), Feedback Control Systems (Page-517), Discrete-Time Systems (Page-588). 0aDynamics. 0aEngineeringxMathematical models. 0aSystem analysis.92233 cREF2ddc c175448d175448 00102ddc4070aMCSbMCScGENd2016-12-12o620.0011,OGApMCS5575r2016-12-08w2016-12-12yBKzAlmirah No.26, Shelf No.5